000 01037nam a2200289 a 4500
001 000038632
003 DO-SdBNP
005 20180402082434.0
007 000038632
008 130416s2012 dr a 000 0 spa d
010 _a
040 _aBPMSU
_bspa
_cBPMSU
100 1 _aMendéz, Rosa Esther
245 1 3 _aUn medio ambiente sano :
_bcomics sobre la conservación de la reserva de biófera Jaragua, Bahoruco-Enrriquillo, escrito por niños, niñas y dadolescentes, en el marco del proyecto /
_cRosa Esther Méndez, Jenifer Edileisy Heredia ; ilustraciones Adan Javier Hernández.
260 _aSanto Domingo :
_bCesar ONG.,
_c2012.
300 _a39 p. :
_bil. ;
_c25 cm.
700 1 2 _aEdileisy Heredia, Jenifer
700 1 2 _aHernández, Adan Javier
_eil.
930 1 _l
_m
_8
_f
_p
_g
930 1 _l
_m
_8
_f
_p
_g
930 1 _l
_m
_8
_f
_p
_g
942 _2ddc
_cBK
945 _a Inventariado juvenil dom / 2017
956 _a
_b
_c
_l
_h
956 _a
_b
_c
_l
_h
956 _aVMATEO
_b10
_c20150511
_lBPMSU
_h00151
999 _c7843
_d7843